التطبيق الصرفي/ (رقم التسجيلة. 2382)
[ عرض عادي ]
| 000 -الفاتح | |
|---|---|
| حقل البيانات ثابتة الطول | 00658cam a2200217n 44500 |
| 003 - محدد رقم الضبط | |
| رقم الضبط | OSt |
| 005 - وقت وتاريخ اخر تعامل مع التسجيلة | |
| رقم الضبط | 20150408113736.0 |
| 008 - عناصر البيانات ثابتة الطول - معلومات عامة | |
| حقل البيانات ثابتة الطول | 030308s le 00 0 00100ara d |
| 040 ## - مصدر الفهرسة | |
| وكالة النسخ | mb |
| 041 ## - رمز اللغة | |
| رمز لغة النص/ المسارات الصوتية أو العنوان الانفرادي | عربي |
| 072 ## - رمز الفئه الموضوعية | |
| رمز فئه الموضوع | 045 |
| مجموعة رمز فئه الموضوع | اللغة العربية |
| 082 04 - رقم تصنيف ديوى العشرى | |
| رقم التصنيف | 415.5 |
| 092 ## - رقم استدعاء ديوى المحلى | |
| رقم التصنيف | 415.5 |
| رقم المادة | ر ع ت |
| 100 1# - المدخل الرئيسى - إسم شخصى | |
| الإسم الشخصى | الراجحي , عبده |
| 9 (RLIN) | 1137 |
| 245 12 - بيان العنوان | |
| العنوان | التطبيق الصرفي/ |
| بيان المسئوليه,etc | تأليف عبده الراجحي |
| 257 ## - بلد الوحدة المنتجة للافلام الارشيفية | |
| بلد وحدة الإنتاج | لبنان |
| 260 ## - PUBLICATION, DISTRIBUTION, ETC. (IMPRINT) | |
| مكان الناشر او الموزع | بيروت: |
| اسم الناشر او الموزع | دار النهضة العربية للطباعة و النشر، |
| تاريخ النشر أو التوزيع | 1973 |
| 300 ## - الوصف المادى | |
| التعداد | 221ص؛ |
| أبعاد الوعاء | 23سم |
| 650 04 - المدخل الاضافى بالموضوع-مصطلح موضوعى | |
| مصطلح موضوعي أو اسم جغرافي كعنصر مدخل | اللغة العربية |
| التقسيم الفرعي العام | الصرف |
| 9 (RLIN) | 101 |
| 942 ## - عناصر المدخل الإضافي( كوها) | |
| مصدر التصنيف او مخطط الترفيف | Dewey Decimal Classification |
| Koha [default] item type | كتاب |
| حالة الفقد | نموذج السعر الفعال | حالة تلف | ليس للاعارة | رقم الطلب | تاريخ الاكتساب | الموقع الحالي | الباركود | الفرع الرئيسي | Date last seen | نوع المادة فى نظام كوها | مصدر التصنيف او خطة الترفيف | Total Checkouts | Date last checked out |
|---|---|---|---|---|---|---|---|---|---|---|---|---|---|
| 2013-03-10 | 415.5 ر ع ت | 2012-08-05 | المكتبة المركزية بالمجمعة (CL) | 00091898 | المكتبة المركزية بالمجمعة (CL) | 2013-03-10 | كتاب | Dewey Decimal Classification | |||||
| 2013-03-10 | 415.5 ر ع ت | 2012-08-05 | المكتبة المركزية بالمجمعة (CL) | 00091897 | المكتبة المركزية بالمجمعة (CL) | 2013-03-10 | كتاب | Dewey Decimal Classification | |||||
| 2013-03-10 | 415.5 رع ت | 2012-04-09 | مكتبة كلية التربية بالزلفى - طالبات (EZF) | 00072972 | مكتبة كلية التربية بالزلفى - طالبات (EZF) | 2017-03-19 | كتاب | Dewey Decimal Classification | 1 | 2017-03-16 | |||
| 2013-03-10 | 415.5 ر ع ت | 2011-07-20 | مكتبة مجمع الطالبات بالمجمعة (EMF) | 00022774 | مكتبة مجمع الطالبات بالمجمعة (EMF) | 2013-03-10 | كتاب | Dewey Decimal Classification | |||||
| 2013-03-10 | 415.5 ر ع ت | 2011-08-05 | مكتبة مجمع الطالبات بالمجمعة (EMF) | 00022738 | مكتبة مجمع الطالبات بالمجمعة (EMF) | 2023-03-23 | كتاب | Dewey Decimal Classification | 1 | 2020-02-18 | |||
| 2013-03-10 | 415.5 ر ع ت | 2011-08-08 | مكتبة مجمع الطالبات بالمجمعة (EMF) | 00022727 | مكتبة مجمع الطالبات بالمجمعة (EMF) | 2013-03-10 | كتاب | Dewey Decimal Classification | |||||
| 2013-03-10 | 415.5 ر ع ت | 2011-08-26 | مكتبة مجمع الطالبات بالمجمعة (EMF) | 00021668 | مكتبة مجمع الطالبات بالمجمعة (EMF) | 2013-03-10 | كتاب | Dewey Decimal Classification | |||||
| 2013-03-10 | 415.5 رع ت | 2011-09-06 | مكتبة مجمع الطالبات بالمجمعة (EMF) | 00022663 | مكتبة مجمع الطالبات بالمجمعة (EMF) | 2020-03-08 | كتاب | Dewey Decimal Classification | 3 | 2020-03-02 |
